Bước đầu nghiên cứu tình trạng ô nhiễm nước mặt thành phố Đồng Hới - Quảng Bình

Cơ sở lý luận và thực tiễn của đề tài. Khái quát về điều kiện kinh tế - xã hội và đặc điểm nguồn nước mặt thành phố Đồng Hới. Hiện trạng ô nhiễm nguồn nước mặt ở thành phố Đồng Hới và các giải pháp đề xuất.

Wedi'i Gadw mewn:
Manylion Llyfryddiaeth
Prif Awdur: Hồ, Thị Mỹ Giang
Awduron Eraill: Đậu, Thị Hòa TS (Hướng dẫn)
Fformat: Llyfr
Iaith:Vietnamese
Cyhoeddwyd: Đại học Đà Nẵng Trường Đại học Sư phạm 2007
Cyfres:Khóa luận tốt nghiệp Đại học. Chuyên ngành: Cử nhân Địa lý
Pynciau:
Tagiau: Ychwanegu Tag
Dim Tagiau, Byddwch y cyntaf i dagio'r cofnod hwn!
Thư viện lưu trữ: Mạng thư viện Đại học Đà Nẵng
LEADER 01681nam a2200349 4500
001 000011272
003 7510
005 20120203080251.0
008 120203s2007 viesd
041 |a vie 
072 |a Khóa luận tốt nghiệp 
082 |a 363.7394  |b HÔ-G 
100 1 |a Hồ, Thị Mỹ Giang 
245 1 |a Bước đầu nghiên cứu tình trạng ô nhiễm nước mặt thành phố Đồng Hới - Quảng Bình  |c Hồ, Thị Mỹ Giang 
260 |a Đại học Đà Nẵng  |b Trường Đại học Sư phạm  |c 2007 
300 |a 66 tr. [2 tr.]  |b ảnh m.họa + bảng  |c 29 cm 
490 |a Khóa luận tốt nghiệp Đại học. Chuyên ngành: Cử nhân Địa lý 
500 |a Tham khảo + phụ lục [2 tr.] 
520 |a Cơ sở lý luận và thực tiễn của đề tài. Khái quát về điều kiện kinh tế - xã hội và đặc điểm nguồn nước mặt thành phố Đồng Hới. Hiện trạng ô nhiễm nguồn nước mặt ở thành phố Đồng Hới và các giải pháp đề xuất. 
653 |a Khoa Địa lý 
653 |a Khóa luận tốt nghiệp Đại học 
700 1 |a Đậu, Thị Hòa  |c TS  |e Hướng dẫn 
OWN |a LSP 
AVA |a UDN50  |b LSP  |d 363.7394 HÔ-G  |e available  |t Error 5001 Not defined in file expand_doc_bib_avail.  |f 1  |g 0  |h N  |i 0  |k 1 
999 |a From the UDN01 
AVA |a UDN50  |b LSP  |d 363.7394 HÔ-G  |e available  |t Error 5001 Not defined in file expand_doc_bib_avail.  |f 1  |g 0  |h N  |i 0  |k 1 
TYP |a Monograph 
TYP |a Printed language 
980 |a Mạng thư viện Đại học Đà Nẵng